Right or wrong flag? #8- Sudden Death - Statistics

General Stats
  • This quiz has been taken 99 times
  • The average score is 6 of 20
Answers on the Grid
Answers color-coded by a green-red scale on the quiz's grid according to % correct below.
 
Answer Stats
Answer % Correct
33%
33%
33%
33%
33%
33%
33%
33%
33%
29%
29%
29%
29%
24%
24%
24%
19%
19%
19%
14%
No matching quizzes found
Score Distribution
Percent of People with Each Score
Percentile by Number Answered
Your Score History
You have not taken this quiz